Catálogo

Vista normal Vista MARC

Entrada Personal Name

Número de registros utilizados en: 1

001 - CONTROL NUMBER

  • control field: 14603

003 - CONTROL NUMBER IDENTIFIER

  • control field: DLC

005 - DATE AND TIME OF LATEST TRANSACTION

  • control field: 20230809082611.0

008 - FIXED-LENGTH DATA ELEMENTS

  • fixed length control field: 791003n| acannaabn |a aaa

010 ## - LIBRARY OF CONGRESS CONTROL NUMBER

  • LC control number: n 79084410

035 ## - SYSTEM CONTROL NUMBER

  • System control number: (OCoLC)oca00316912

040 ## - CATALOGING SOURCE

  • Original cataloging agency: DLC
  • Language of cataloging: spa
  • Transcribing agency: Mx-PuUPA
  • Modifying agency: OkU
  • Modifying agency: Mx-PuUPA
  • Description conventions: rda

046 ## - SPECIAL CODED DATES

  • Birth date: 1916
  • Death date: 1994

100 1# - HEADING--PERSONAL NAME

  • Personal name: Charleston, R. J.,
  • Fuller form of name: (Robert Jesse),
  • Dates associated with a name: 1916-1994

374 ## - OCCUPATION

  • Occupation: Autor

375 ## - GENDER

  • Gender: hombre

377 ## - ASSOCIATED LANGUAGE

  • Language code: eng

400 1# - SEE FROM TRACING--PERSONAL NAME

  • Control subfield: nnaa
  • Personal name: Charleston, Robert J.,
  • Dates associated with a name: 1916-1994

400 1# - SEE FROM TRACING--PERSONAL NAME

  • Personal name: Charleston, Robert J.
  • Fuller form of name: (Robert Jesse),
  • Dates associated with a name: 1916-1994

400 1# - SEE FROM TRACING--PERSONAL NAME

  • Personal name: Charleston, Robert Jesse,
  • Dates associated with a name: 1916-1994

670 ## - SOURCE DATA FOUND

  • Source citation: His Roman pottery, 1955.

670 ## - SOURCE DATA FOUND

  • Source citation: World ceramics, 1981, c1968:
  • Information found: t.p. (Robert J. Charleston)

670 ## - SOURCE DATA FOUND

  • Source citation: Victoria and Albert Museum, via WWW, Mar. 17, 2010:
  • Information found: staff obituaries (Robert Charleston, b. Apr. 3, 1916, d. Dec. 4, 1994)